Statistics for Progressive General Knowledge Test #5

Click here to take the quiz!

General Stats

  • This quiz has been taken 359 times
    (246 since last reset)
  • The average score is 9 of 20

Answer Stats

HintAnswer% Correct
What animal is commonly called the 'King of the Jungle'?Lion
100%
How many days are in the month of September?30
97%
Name one of the colours that appear of the flag of that nation.Blue | White
97%
A tadpole develops into what type of creature?Frog or toad
97%
Athens is the capital of which nation?Greece
97%
Name the yellow henchmen in the movie Despicable MeThe Minions
84%
What method of execution was used to kill Jesus Christ?Crucifixion
75%
Plum what is traditionally served for sweets after Christmas dinner?Pudding
58%
Who created the children's character Peter Rabbit?Beatrix Potter
38%
Drums belong to which section of the orchestra?Percussion
38%
According to the rhyme, how many blind mice were there?Three
38%
Which planet is fifth from the sun?Jupiter
37%
What is found inside the hard shell of a jaffa?Chocolate
17%
What colour is traditionally associated with cowardice?Yellow
17%
What prison did Andy Dufresne escape from?Shawshank
14%
In which year did the Battle of Hastings take place?1066
12%
What is the Latin name for the Southern Lights?Aurora Australis
9%
What is ascorbic acid better known as?Vitamin C
8%
How old was Jane Austen when she wrote Pride and Prejudice?21
7%
What does the abbreviation cwt stand for?Hundredweight
5%

Score Distribution

Percentile by Number Answered

Percent of People with Each Score

Your Score History

You have not taken this quiz since the last reset